000 00475nam a22001817a 4500
003 CEME
005 20210628205151.0
008 210114b xxu||||| |||| 00| 0 eng d
020 _a9788121908559
040 _c.
082 _a537 TEW
100 _aTewari, K.K ,Dr
_974236
245 _aElectricity and magnetism with electronics
260 _aINDIA
_bS. CHAND
_c2014
300 _a745P
650 _aELECTRICITY AND MAGNETISM WITH ELECTRONICS
_974237
942 _cBK
_2ddc
999 _c579796
_d579796